Libera dal ciclo /

Na minha lista:
Detalhes bibliográficos
Autor principal: Fazi, Flavia
Outros Autores: Taroni, Virginia
Formato: Livro
Idioma:Língua italiana
Publicado em: Roma : Momo , 2022
Colecção:LibriMonelli
Tags: Adicionar Tag
Sem tags, seja o primeiro a adicionar uma tag!

MARC

LEADER 00000nam a22000007i 4500
001 IT\ICCU\ABR\0010806
003 ItRI
005 20260115232213.0
008 230116s2022 it |||||| ||||| |||||c
020 |a 9791280298164 
040 |b ita  |c importazione bologna sebina 
041 7 |a ita  |2 ISO-639-2 
100 1 |a Fazi, Flavia  |0 IT\ICCU\RMBV\291900 
240 1 0 |a Libera dal ciclo  |3 IT\ICCU\UBO\4682110 
245 1 0 |a Libera dal ciclo /  |c Flavia Fazi ; illustrazioni di Virginia Taroni. 
260 |a Roma :  |b Momo ,  |c 2022 
300 |a 92 p. :  |b ill. ;  |c 19 cm 
700 1 |a Taroni, Virginia  |0 IT\ICCU\RT1V\051661 
830 0 |a LibriMonelli  |0 IT\ICCU\UBO\4439994 
942 |2 ddc  |c BK  |n 0 
952 |0 0  |1 0  |4 0  |6 R_853_920000000000000_FAZ  |7 0  |9 21930  |a BO  |b BO  |d 2026-01-15  |i 19836  |l 0  |o R 853.92 FAZ  |p BO19836  |r 2026-01-15 23:22:13  |w 2026-01-15  |x [Sebina 5] [1 v.]  |y BK  |z 1 v. 
999 |c 18748  |d 18748